00508nam a2200157Ia 450000500170000000800410001708200130005810000150007124500310008626000400011730000130015750000620017094200060023295200970023899900150033520250429030228.0240331s9999 xx 000 0 und d bKRIa294 aKrishnan,H 0aAnuman :bvaarppm vanappum aChennaibKizhakku Pathippagamc2004 a461 p ., aKamba Ramayanatthil Kura pata annuman patriya eliya oorai cL 001040708LaWERCLbWERCLcSSCd2024-03-31l0o 294.5 KRIp6091r2024-03-31w2024-03-31yL c4615d4615